000
00340nam a2200145Ia 4500
008
150201s1997 xx 000 0 und d
082
_a
610
_b
O 1997 W
100
_a
D.WRAY
245
_a
ORAL MEDICINE
250
_a
1ST
260
_b
CHURCHILL LIVINGSTONE
_a
EDINBURGH
_c
1997
300
_a
1-139
650
_a
ORAL MEDICINE
942
_2
ddc
_c
BK
999
_c
2760
_d
2760